Opening Lyrics - TV Edition Quiz Stats

 Plays Quiz Updated Jun 20, 2018

Score 0/20 Timer 06:00
1 Play Today
Lyric Show % Correct
They're creepy and they're kooky, Mysterious and spooky...The Addams Family
76%
Now this is the story all about how my life got flipped turned upside down...Fresh Prince Of Bel Air
75.3%
Come and knock on our door, we've been waiting for you...... Three's Company
70.5%
It seems today that all you see is violence in movies and sex on TV...Family Guy
69.2%
Men men men men, manly men men men...Two and a Half Men
68.9%
Just sit right back and you'll hear a tale, a tale of a fateful trip...Gilligan's Island
67.6%
A horse is a horse of course, of course, and no one can talk to a horse...Mister Ed
66.9%
Come and listen to a story about a man named Jed...The Beverly Hillbillies
65.2%
What would you do if I sang out of tune...The Wonder Years
53.4%
You take the good, you take the bad...Facts of Life
53.3%
Lyric Show % Correct
Hangin' out. Down the street, the same old thing we did last week...That '70s Show
53%
Schlemiel, schlimazel, Hasenpfeffer Incorporated!Laverne & Shirley
48.7%
Welcome back, your dreams were your ticket out. Welcome back, to that same old place that you laughed about...Welcome Back Kotter
42.3%
Show me that smile again, don't waste another minute on your cryin'...Growing Pains
33.9%
I bet we been together for a million years. And I bet we'll be together for a million more...Family Ties
24.5%
New boy in the neighborhood lives downstairs and it's understood...Charles in Charge
24.2%
Tell me why, I love you like I do. Tell me who, could stop my heart as much as you...Mad About You
18.1%
There's a time for love and a time for living. You take a chance and face the wind...Who's the Boss
16.8%
Streaks on the china never mattered before...Mr. Belvedere
10.9%
Sometimes the world looks perfect, nothing to rearrange. Sometimes you just get a feeling...Perfect Strangers
9.4%

You're not logged in!

Compare scores with friends on all Sporcle quizzes.
OR
Log In

Show Comments

Extras

Top Quizzes Today


Score Distribution

Your Account Isn't Verified!

In order to create a playlist on Sporcle, you need to verify the email address you used during registration. Go to your Sporcle Settings to finish the process.

Report this User

Report this user for behavior that violates our Community Guidelines.

Details: